[Event "AUTO-OPEN-563"]
[Site "http://www.queenalice.com/game.php?id=170911"]
[Date "2007.2.19"]
[Round "1"]
[White "Uragano"]
[Black "Dan_"]
[Result "1-0"]
[WhiteElo "1756"]
[BlackElo "1259"]

1. e4 e5 2. Nf3 Nc6 3. Bb5 Nd4 4. Nxd4 exd4 5. d3 a6 6. Bc4 d6 7. O-O Qf6 8. Nd2
Qg6 9. Nb3 Bh3 10. Qf3 Bg4 11. Bxf7+ Qxf7 12. Qxg4 Nf6 13. Qe2 Be7 14. Nxd4
O-O-O 15. Bd2 1-0

[Event "AUTO-OPEN-563"]
[Site "http://www.queenalice.com/game.php?id=170912"]
[Date "2007.2.19"]
[Round "1"]
[White "Dan_"]
[Black "Uragano"]
[Result "0-1"]
[WhiteElo "1259"]
[BlackElo "1756"]

1. e4 e5 2. Nf3 Nc6 3. Bc4 Bc5 4. Ng5 Qxg5 5. O-O d6 6. d4 Bh3 7. Bxg5 Bg4 8.
Qxg4 Nxd4 9. Na3 Bxa3 10. bxa3 Nxc2 11. Qf3 f6 12. Bh4 Nxa1 13. Rxa1 Ne7 14. Rb1
b6 15. Bd5 c6 16. Be6 Ng6 17. Bg3 Ke7 18. Qg4 Rhd8 19. Bf5 Kf7 0-1

[Event "AUTO-OPEN-563"]
[Site "http://www.queenalice.com/game.php?id=170937"]
[Date "2007.2.19"]
[Round "1"]
[White "Dan_"]
[Black "Nascimento"]
[Result "0-1"]
[WhiteElo "1396"]
[BlackElo "1239"]

1. e4 e5 2. Nf3 Nc6 3. Bc4 Na5 4. Qe2 Nxc4 5. Qxc4 f6 6. O-O b6 7. Qd5 c6 8. Qb3
Ba6 9. d3 Qe7 10. a3 d5 11. exd5 cxd5 12. Qxd5 Rd8 13. Qc6+ Qd7 14. Qxd7+ Rxd7
15. Nc3 Bc5 16. Na4 Bd6 17. Re1 Re7 18. Bd2 b5 19. Nc3 Nh6 0-1

[Event "AUTO-OPEN-563"]
[Site "http://www.queenalice.com/game.php?id=170938"]
[Date "2007.2.19"]
[Round "1"]
[White "Nascimento"]
[Black "Dan_"]
[Result "1-0"]
[WhiteElo "1261"]
[BlackElo "1316"]

1. c4 e5 2. d4 exd4 3. Qxd4 Nc6 4. Qe4+ Nge7 5. b3 d6 6. Nc3 Bf5 7. Qe3 g6 8.
Bb2 Bg7 9. O-O-O O-O 10. a4 Nb4 11. Ne4 Bxe4 12. Qxe4 c6 13. Qb1 Nf5 14. g4 Qg5+
15. e3 Bxb2+ 16. Qxb2 c5 17. h3 Nd4 18. f4 Qe7 19. exd4 Qe3+ 20. Rd2 1-0

[Event "AUTO-OPEN-563"]
[Site "http://www.queenalice.com/game.php?id=170939"]
[Date "2007.2.19"]
[Round "1"]
[White "Dan_"]
[Black "jamesc"]
[Result "0-1"]
[WhiteElo "1431"]
[BlackElo "1619"]

1. e4 e5 2. Nf3 Nc6 3. Bc4 Nf6 4. Ng5 d5 5. exd5 Nxd5 6. Nc3 Qxg5 7. O-O Nxc3 8.
dxc3 Qg6 9. Bb5 Bh3 10. Qf3 Bd7 11. Bd3 Qe6 12. Rd1 O-O-O 13. Bf5 Qe8 14. Bxd7+
Rxd7 15. Rxd7 Qxd7 16. Be3 g6 17. Rd1 Bd6 18. c4 Qe6 19. c5 e4 20. Qe2 Be7 0-1

[Event "AUTO-OPEN-563"]
[Site "http://www.queenalice.com/game.php?id=170940"]
[Date "2007.2.19"]
[Round "1"]
[White "jamesc"]
[Black "Dan_"]
[Result "1-0"]
[WhiteElo "1608"]
[BlackElo "1487"]

1. e4 e5 2. Nf3 Nc6 3. d4 Nxd4 4. Nxd4 exd4 5. Qxd4 d6 6. Nc3 Be7 7. Bf4 Bf6 8.
Qe3 Ne7 9. Bc4 O-O 10. O-O-O Ng6 11. g3 Nxf4 12. Qxf4 Bg5 13. Qxg5 Qxg5+ 14. f4
Qc5 15. Bd3 Bg4 16. Rdg1 Bf3 17. Na4 Qe3+ 18. Kb1 Bxh1 19. Rxh1 Qf2 20. Nc3 c6
21. a3 b5 22. f5 1-0

[Event "AUTO-OPEN-564"]
[Site "http://www.queenalice.com/game.php?id=171261"]
[Date "2007.2.20"]
[Round "1"]
[White "Dan_"]
[Black "jocker_1"]
[Result "0-1"]
[WhiteElo "1222"]
[BlackElo "1197"]

1. d4 d5 2. Nc3 Nf6 3. e3 e6 4. Nf3 Bb4 5. Bd2 Bxc3 6. Bxc3 O-O 7. Qd3 Nc6 8.
Ng5 Ne4 9. Nxe4 dxe4 10. Qxe4 f5 11. Qf4 Na5 12. Bxa5 b6 13. Bc3 a5 14. Qg3 Rf6
15. d5 Rg6 16. Qf3 Bb7 17. O-O-O Bxd5 18. Qf4 Bxg2 19. Bxg2 Qe7 0-1

[Event "AUTO-OPEN-564"]
[Site "http://www.queenalice.com/game.php?id=171262"]
[Date "2007.2.20"]
[Round "1"]
[White "jocker_1"]
[Black "Dan_"]
[Result "1-0"]
[WhiteElo "1214"]
[BlackElo "1199"]

1. d4 d5 2. c4 Bf5 3. e3 Be4 4. Bd3 Bxg2 5. Bd2 dxc4 6. Bxc4 e6 7. f3 Bxh1 8.
Nc3 Qg5 9. Qe2 Qxg1+ 10. Qf1 Qxh2 11. O-O-O Bg2 12. Qe2 Qh3 13. Re1 Bxf3 14. Qd3
Bb4 15. Bb5+ c6 16. Ba4 Bxc3 17. Qxc3 1-0

[Event "AUTO-OPEN-564"]
[Site "http://www.queenalice.com/game.php?id=171263"]
[Date "2007.2.20"]
[Round "1"]
[White "Dan_"]
[Black "Brandon"]
[Result "0-1"]
[WhiteElo "1487"]
[BlackElo "2205"]

1. d4 d5 2. c4 dxc4 3. Qa4+ Nc6 4. Qxc4 Qxd4 5. Qxd4 Nxd4 6. Na3 Bf5 7. e3 Nc2+
8. Nxc2 Bxc2 9. Nf3 c6 10. Bc4 Nf6 11. O-O e6 12. Nd4 Bg6 13. Rd1 Rd8 14. Bb3 c5
15. Ba4+ Ke7 0-1

[Event "AUTO-OPEN-564"]
[Site "http://www.queenalice.com/game.php?id=171264"]
[Date "2007.2.20"]
[Round "1"]
[White "Brandon"]
[Black "Dan_"]
[Result "1-0"]
[WhiteElo "2206"]
[BlackElo "1487"]

1. e4 e5 2. Nf3 Nc6 3. Bb5 Nd4 4. Nxd4 exd4 5. O-O a6 6. Bc4 d6 7. d3 Nf6 8. c3
dxc3 9. Nxc3 Be7 10. Re1 Ng4 11. d4 Bg5 12. f4 Bh6 13. h3 Nf6 14. e5 dxe5 15.
fxe5 Nd7 16. e6 fxe6 17. Qh5+ Kf8 18. Rxe6 Nf6 19. Qc5+ Kf7 20. Rd6+ 1-0

[Event "AUTO-INT-353"]
[Site "http://www.queenalice.com/game.php?id=171329"]
[Date "2007.2.20"]
[Round "1"]
[White "Alcar"]
[Black "Dan_"]
[Result "1-0"]
[WhiteElo "1730"]
[BlackElo "1259"]

1. g3 e5 2. Bg2 Bc5 3. e3 Nf6 4. Ne2 O-O 5. O-O Nc6 6. c3 Ng4 7. h3 Nh6 8. d4
exd4 9. cxd4 Bb4 10. a3 Bd6 11. Nbc3 Ne7 12. e4 a6 13. e5 Bxe5 14. dxe5 Re8 15.
Bxh6 1-0

[Event "AUTO-INT-353"]
[Site "http://www.queenalice.com/game.php?id=171330"]
[Date "2007.2.20"]
[Round "1"]
[White "Dan_"]
[Black "Alcar"]
[Result "0-1"]
[WhiteElo "1259"]
[BlackElo "1728"]

1. e4 b6 2. Bc4 e6 3. Nf3 Nc6 4. O-O d5 5. exd5 exd5 6. Bb3 Nf6 7. Qe2+ Be7 8.
Qd3 Be6 9. Qc3 O-O 10. d4 Bb4 11. Qxc6 Qd7 12. Ba4 Rfd8 13. Qxa8 Rxa8 14. Bxd7
Bxd7 15. Ne5 Bf5 0-1

[Event "AUTO-INT-353"]
[Site "http://www.queenalice.com/game.php?id=171341"]
[Date "2007.2.20"]
[Round "1"]
[White "reginaldox"]
[Black "Dan_"]
[Result "1-0"]
[WhiteElo "1624"]
[BlackElo "1222"]

1. c4 e5 2. g3 Bc5 3. Bg2 Nf6 4. Nc3 O-O 5. e4 d6 6. Nf3 Ng4 7. O-O Qf6 8. h3
Nxf2 9. Rxf2 Bxf2+ 10. Kxf2 Qh6 11. d4 Qh5 12. g4 Qg6 13. dxe5 dxe5 14. Nxe5
Qf6+ 15. Nf3 Rd8 16. Qe2 Nc6 17. Kg1 Nd4 18. Nxd4 Rxd4 19. Be3 Rd6 20. Rf1 Qe6
21. Nd5 Rc6 22. b4 a6 23. Bc5 Qh6 24. Ne7+ Kf8 25. Nxc6+ Kg8 26. Ne7+ 1-0

[Event "AUTO-INT-353"]
[Site "http://www.queenalice.com/game.php?id=171342"]
[Date "2007.2.20"]
[Round "1"]
[White "Dan_"]
[Black "reginaldox"]
[Result "0-1"]
[WhiteElo "1222"]
[BlackElo "1622"]

1. e4 c5 2. Bc4 Nc6 3. Nf3 d6 4. O-O Bg4 5. h3 Bh5 6. Nc3 e5 7. d3 Be7 8. g4 Bg6
9. Bd2 Nf6 10. Ng5 O-O 11. Nb5 a6 12. Nc3 b5 13. Bd5 Nxd5 14. Nxd5 Bxg5 15. Bxg5
f6 16. Bh4 Ne7 17. Nxe7+ Qxe7 18. c3 Rad8 19. c4 bxc4 20. dxc4 Bxe4 21. Re1 Ba8
22. Re3 Qb7 23. f3 Qxb2 24. Rb3 Qd4+ 25. Qxd4 exd4 0-1